CCNA security lab manual / (Record no. 9090)
[ view plain ]
| 000 -LEADER | |
|---|---|
| fixed length control field | 00776cam a22002292 4500 |
| 001 - CONTROL NUMBER | |
| control field | 0000019823 |
| 005 - DATE AND TIME OF LATEST TRANSACTION | |
| control field | 20151217152202.0 |
| 008 - FIXED-LENGTH DATA ELEMENTS--GENERAL INFORMATION | |
| fixed length control field | 110214s xx 000 0 eng d |
| 020 ## - INTERNATIONAL STANDARD BOOK NUMBER | |
| International Standard Book Number | 1587132490 : |
| 040 ## - CATALOGING SOURCE | |
| Original cataloging agency | KABU |
| Transcribing agency | KABU |
| 110 2# - MAIN ENTRY--CORPORATE NAME | |
| Corporate name or jurisdiction name as entry element | Cisco Networking Academy. |
| -- | 0000179802 |
| 245 10 - TITLE STATEMENT | |
| Title | CCNA security lab manual / |
| Statement of responsibility, etc. | Cisco Networking Academy. |
| 250 ## - EDITION STATEMENT | |
| Edition statement | 1st ed. |
| 260 ## - PUBLICATION, DISTRIBUTION, ETC. (IMPRINT) | |
| Place of publication, distribution, etc. | Indianapolis, Indiana : |
| Name of publisher, distributor, etc. | Cisco Press, |
| Date of publication, distribution, etc. | 2010. |
| 300 ## - PHYSICAL DESCRIPTION | |
| Extent | v, 288 p. |
| 650 #0 - SUBJECT ADDED ENTRY--TOPICAL TERM | |
| Topical term or geographic name as entry element | Cisco systems. |
| -- | 0000179803 |
| 650 #0 - SUBJECT ADDED ENTRY--TOPICAL TERM | |
| Topical term or geographic name as entry element | Telecommunication engineers |
| General subdivision | Certification. |
| -- | 0000179804 |
| 650 #0 - SUBJECT ADDED ENTRY--TOPICAL TERM | |
| Topical term or geographic name as entry element | Computer networks |
| General subdivision | Security measures |
| -- | Examination |
| Chronological subdivision | Study guide. |
| -- | 0000157431 |
| 852 1# - LOCATION | |
| -- | p2650 KES |
| 908 ## - PUT COMMAND PARAMETER (RLIN) | |
| Put command parameter | 110214 |
| 950 ## - LOCAL HOLDINGS (RLIN) | |
| -- | 1 |
| Withdrawn status | Lost status | Source of classification or shelving scheme | Not for loan | Home library | Current library | Date acquired | Total Checkouts | Full call number | Barcode | Date last seen | Price effective from | Koha item type |
|---|---|---|---|---|---|---|---|---|---|---|---|---|
| Library of Congress Classification | Kabarak, Main Campus | Kabarak, Main Campus | 17/12/2015 | TK5105.59 .C57 2010 c. 1 | 22904 | 17/12/2015 | 17/12/2015 | General Collection |